| 000 | 00579nam a22001937a 4500 | ||
|---|---|---|---|
| 005 | 20160803111954.0 | ||
| 010 | _aENG-115561 | ||
| 020 |
_a9788170174530 _c450.00 |
||
| 035 | _aEN-99093 | ||
| 037 | _bDBAD/PUB | ||
| 082 | _a615.538 | ||
| 100 | _aJain,Mukesh D | ||
| 245 |
_aAyurvedic panchkarama and yoga / _cby Mukesh D.Jain |
||
| 260 |
_aNew Delhi _bAbhinav Publications _c2016 |
||
| 270 |
_aE-37 Hauz Khas _bNew Delhi _e110016 |
||
| 300 |
_a129p. _c22cm(Hb) |
||
| 500 | _aIncludes bibliographical references and index | ||
| 942 |
_2ddc _cEN _h615.538 _mJAN |
||
| 999 |
_c101534 _d101534 |
||